Statistics for Divergent film cast

Click here to take the quiz!

General Stats

  • This quiz has been taken 74 times
  • The average score is 6 of 7

Answer Stats

HintAnswer% Correct
Beatrice Prior (Tris)Shailene Woodley
97%
Tobias Eaton (Four)Theo James
97%
ChristinaZoë Kravitz
85%
Caleb PriorAnsel Elgort
83%
PeterMiles Teller
83%
EricJai Courtney
66%
Natalie PriorAshley Judd
55%

Score Distribution

Percentile by Number Answered

Percent of People with Each Score

Your Score History

You have not taken this quiz